Отработка рецептур буровых растворов на основе использования активированной воды: Отчет о НИР; Тема : х/д 3 - 26/88

Sonraí bibleagrafaíochta
Údar corparáideach: Томский политехнический институт (ТПИ)
Rannpháirtithe: Боярко Ю. Л. (руководитель), Ахмадеев И. А. (исполнитель)
Teanga:Rúisis
Foilsithe / Cruthaithe: Томск, 1990
Ábhair:
Formáid: LEABHAR
KOHA link:https://koha.lib.tpu.ru/cgi-bin/koha/opac-detail.pl?biblionumber=153079

MARC

LEADER 00000nbm0a2200000 4500
001 153079
005 20231101221652.0
029 0 0 |a SU  |b 01880088907  |f ТПУ 
035 |a (RuTPU)RU\TPU\book\166075 
090 |a 153079 
100 |a 20090209d1990 k y0rusy50 ca 
101 0 |a rus 
102 |a RU 
105 |a a p 001zy 
200 1 |a Отработка рецептур буровых растворов на основе использования активированной воды  |e Отчет о НИР  |e Тема : х/д 3 - 26/88  |f Томский политехнический институт (ТПИ) ; руководитель Ю. Л. Боярко ; И. А. Ахмадеев 
210 |a Томск  |d 1990 
215 |a 44 л. 
320 |a Библиогр.: с. 43 
606 |a Промывочные растворы, буровые  |x Гидроциклическая обработка  |2 stltpush  |3 (RuTPU)RU\TPU\subj\52201  |9 70690 
610 1 |a буровые растворы 
610 1 |a рецептура 
610 1 |a активированная вода 
610 1 |a устойчивость 
610 1 |a скважины 
610 1 |a электрохимическая обработка 
610 1 |a отчеты о НИР 
610 1 |a бурение 
675 |a 622.244.4(04)  |v 3 
702 1 |a Боярко  |b Ю. Л.  |4 673 
702 1 |a Ахмадеев  |b И. А.  |4 677 
712 0 2 |a Томский политехнический институт (ТПИ)  |c (1944-1991)  |2 stltpush  |3 (RuTPU)RU\TPU\col\1123 
801 1 |a RU  |b 63413507  |c 20090209  |g PSBO 
801 2 |a RU  |b 63413507  |c 20210301  |g PSBO 
942 |c BK